| 000 | 00646nam a2200217 a 4500 | ||
|---|---|---|---|
| 005 | 20140310183457.0 | ||
| 008 | 100309s19uu xx 00 eng d | ||
| 020 | _a9780470466537 | ||
| 050 |
_aRC 569.5.B67 _b.El44 2009 |
||
| 100 | _aElliott, Charles H. | ||
| 245 |
_aBorderline personality disorder for dummies / _cCharles H. Elliot, Laura L. Smith. |
||
| 260 |
_aNew Jersey : _bWiley Publishing, Inc, _c2009. |
||
| 300 |
_a366 p. : _bill. ; _c24 cm. |
||
| 521 | _aPSYCH | ||
| 650 | _aPersonality Disorder. | ||
| 650 | _aTemperament. | ||
| 650 | _aSubconsious. | ||
| 700 | _aSmith, Laura L. | ||
| 942 |
_cBK _2lcc _kFOR |
||
| 999 |
_c23666 _d23666 |
||